000 01517nam a22002777a 4500
999 _c60449
_d60449
003 Ge_BSU
005 20230720114423.0
008 230720s2022ge xxu||||| |||| 00| 0 geo d
020 _a9789941851032
041 _ageo
080 _a330.59(4) რ-26
245 _aრატომ ევროპა- როგორ ცხოვრობს ხალხი ევროპის ქვეყნებში? :
_b სტატიების კრებული /
_cალექსანდრე ცაგარელი, ბაქარ ბერეკაშვილი, გია ჟორჟოლიანი, თორნიკე ჩივაძე.
264 _aთბილისი,
_c2022.
300 _a72 გვ.:
_b22 სმ.
504 _aბიბლოგრაფ.გვ:71-72
653 _aრატომ ევროპა- როგორ ცხოვრობს ხალხი ევროპის ქვეყნებში?
653 _aევროპა
700 _aცაგარელი, ალექსანდრე
_919462
700 _aბერეკაშვილი, ბაქარ
_919463
700 _aჟორჟოლიანი, გია
_91016
700 _aჩივაძე, თორნიკე
_919464
711 _aსაზოგადოების კვლევის ცენტრი
_919465
773 _tნაჩუქარი
856 _uhttps://library.fes.de/pdf-files/bueros/georgien/19969.pdf
_ypdf
942 _2udc
_cBK